Countries, Are They Touching? - Statistics

General Stats
  • This quiz has been taken 29 times
  • The average score is 8 of 12
Answer Stats
Question Answer % Correct
Slovakia and Slovenia? No
100%
Angola and Botswana? No
100%
Bangladesh and Bhutan? No
100%
Laos and China? Yes
100%
Mali and Nigeria? No
75%
Croatia and Serbia? Yes
75%
Czechia and Hungary? No
50%
Brunei and Indonesia? No
50%
Equatorial Guinea and Gabon? Yes
50%
Liberia and Guinea? Yes
50%
Republic of the Congo and Central African Republic? Yes
50%
Turkey and Georgia? Yes
25%
No matching quizzes found
Score Distribution
Percent of People with Each Score
Percentile by Number Answered
Your Score History
You have not taken this quiz